|
|
|
|
| LEADER |
00838cam a2200253 7i4500 |
| 001 |
0000014161 |
| 005 |
20200204090000.0 |
| 008 |
200204b20012001enk# ### #00001eng## |
| 020 |
# |
# |
|a 041520092X
|
| 020 |
# |
# |
|a 0415200911
|
| 040 |
# |
# |
|a UMT
|
| 090 |
0 |
0 |
|a LB 1576
|b .W994 2001
|
| 100 |
1 |
# |
|a Wyse,Dominic
|e author
|
| 245 |
1 |
0 |
|a Teaching English, language, and literacy
|c Dominic Wyse and Russell Jones..
|
| 264 |
# |
0 |
|a London ;
|a New York:
|b RoutledgeFalmer,
|c 2001..
|
| 264 |
# |
0 |
|c ♭2001.
|
| 300 |
# |
# |
|a x,281 pages:
|b illustrations;
|c 25 cm.
|
| 336 |
# |
# |
|a text
|2 rdacontent
|
| 337 |
# |
# |
|a unmediated
|2 rdamedia
|
| 338 |
# |
# |
|a volume
|2 rdacarrier
|
| 504 |
# |
# |
|a Includes bibliographical references and index.
|
| 650 |
0 |
0 |
|a Language arts (Elementary)
|
| 700 |
1 |
# |
|a Jones,
|h Russell,(
|d 1958-)
|
| 999 |
|
|
|a 1000406415
|b Book
|c Open Shelf
|e KOLEKSI TERBUKA
|